<?xml version="1.0" encoding="UTF-8"?>
<record
    xmlns:xsi="http://www.w3.org/2001/XMLSchema-instance"
    xsi:schemaLocation="http://www.loc.gov/MARC21/slim http://www.loc.gov/standards/marcxml/schema/MARC21slim.xsd"
    xmlns="http://www.loc.gov/MARC21/slim">

  <leader>00508nam a22001577a 4500</leader>
  <controlfield tag="003">OSt</controlfield>
  <controlfield tag="005">20150908162034.0</controlfield>
  <controlfield tag="008">150908b        xxu||||| |||| 00| 0 eng d</controlfield>
  <datafield tag="040" ind1=" " ind2=" ">
    <subfield code="c">RUA</subfield>
  </datafield>
  <datafield tag="082" ind1=" " ind2=" ">
    <subfield code="a">AGR &#x1787;&#x17C0;&#x1798;&#x200B; 1993 B006 Or.1</subfield>
  </datafield>
  <datafield tag="100" ind1=" " ind2=" ">
    <subfield code="9">168</subfield>
    <subfield code="a">&#x1787;&#x17C0;&#x1798; &#x1785;&#x17D0;&#x1793;&#x17D2;&#x1791;&#x1781;&#x17C1;&#x1798;&#x179A;&#x17B7;&#x1793;&#x17D2;&#x179A;&#x17D2;&#x1791;</subfield>
  </datafield>
  <datafield tag="245" ind1=" " ind2=" ">
    <subfield code="a">&#x1780;&#x17B6;&#x179A;&#x1790;&#x17C2;&#x1791;&#x17B6;&#x17C6; &#x1793;&#x17B7;&#x1784;&#x1796;&#x17D2;&#x1799;&#x17B6;&#x1794;&#x17B6;&#x179B;&#x1780;&#x17BC;&#x1793;&#x1780;&#x17C5;&#x179F;&#x17CA;&#x17BC;&#x178A;&#x17B6;&#x17C6;&#x1790;&#x17D2;&#x1798;&#x17B8;</subfield>
  </datafield>
  <datafield tag="260" ind1=" " ind2=" ">
    <subfield code="a">Phnom Penh</subfield>
    <subfield code="b">RUA</subfield>
    <subfield code="c">1993</subfield>
  </datafield>
  <datafield tag="300" ind1=" " ind2=" ">
    <subfield code="a">89p.</subfield>
    <subfield code="b">ill.</subfield>
    <subfield code="c">29cm.</subfield>
  </datafield>
  <datafield tag="942" ind1=" " ind2=" ">
    <subfield code="2">ddc</subfield>
    <subfield code="c">AGR</subfield>
  </datafield>
  <datafield tag="999" ind1=" " ind2=" ">
    <subfield code="c">148</subfield>
    <subfield code="d">148</subfield>
  </datafield>
  <datafield tag="952" ind1=" " ind2=" ">
    <subfield code="0">0</subfield>
    <subfield code="1">0</subfield>
    <subfield code="2">ddc</subfield>
    <subfield code="4">0</subfield>
    <subfield code="6">AGR_&#x1787;&#x17C0;&#x1798;_1993_000000000000000_B006_OR_1</subfield>
    <subfield code="7">0</subfield>
    <subfield code="9">542</subfield>
    <subfield code="a">LBB</subfield>
    <subfield code="b">LBB</subfield>
    <subfield code="c">B006</subfield>
    <subfield code="d">2015-09-08</subfield>
    <subfield code="o">AGR &#x1787;&#x17C0;&#x1798;&#x200B; 1993 B006 Or.1</subfield>
    <subfield code="p">RUA005672</subfield>
    <subfield code="r">2015-09-08</subfield>
    <subfield code="w">2015-09-08</subfield>
    <subfield code="y">AGR</subfield>
  </datafield>
  <datafield tag="952" ind1=" " ind2=" ">
    <subfield code="0">0</subfield>
    <subfield code="1">0</subfield>
    <subfield code="2">ddc</subfield>
    <subfield code="4">0</subfield>
    <subfield code="6">AGR_&#x1787;&#x17C0;&#x1798;_1993_000000000000000_B006_OR_2</subfield>
    <subfield code="7">0</subfield>
    <subfield code="9">543</subfield>
    <subfield code="a">LBB</subfield>
    <subfield code="b">LBB</subfield>
    <subfield code="c">B006</subfield>
    <subfield code="d">2015-09-08</subfield>
    <subfield code="o">AGR &#x1787;&#x17C0;&#x1798;&#x200B; 1993 B006 Or.2</subfield>
    <subfield code="p">RUA005570</subfield>
    <subfield code="r">2015-09-08</subfield>
    <subfield code="w">2015-09-08</subfield>
    <subfield code="y">AGR</subfield>
  </datafield>
  <datafield tag="952" ind1=" " ind2=" ">
    <subfield code="0">0</subfield>
    <subfield code="1">0</subfield>
    <subfield code="2">ddc</subfield>
    <subfield code="4">0</subfield>
    <subfield code="6">AGR_&#x1787;&#x17C0;&#x1798;_1993_000000000000000_B006_OR_3</subfield>
    <subfield code="7">0</subfield>
    <subfield code="9">544</subfield>
    <subfield code="a">LBB</subfield>
    <subfield code="b">LBB</subfield>
    <subfield code="c">B006</subfield>
    <subfield code="d">2015-09-08</subfield>
    <subfield code="o">AGR &#x1787;&#x17C0;&#x1798;&#x200B; 1993 B006 Or.3</subfield>
    <subfield code="p">RUA005828</subfield>
    <subfield code="r">2015-09-08</subfield>
    <subfield code="w">2015-09-08</subfield>
    <subfield code="y">AGR</subfield>
  </datafield>
  <datafield tag="952" ind1=" " ind2=" ">
    <subfield code="0">0</subfield>
    <subfield code="1">0</subfield>
    <subfield code="2">ddc</subfield>
    <subfield code="4">0</subfield>
    <subfield code="6">AGR_&#x1787;&#x17C0;&#x1798;_1993_000000000000000_B006_OR_4</subfield>
    <subfield code="7">0</subfield>
    <subfield code="9">545</subfield>
    <subfield code="a">LBB</subfield>
    <subfield code="b">LBB</subfield>
    <subfield code="c">B006</subfield>
    <subfield code="d">2015-09-08</subfield>
    <subfield code="l">1</subfield>
    <subfield code="o">AGR &#x1787;&#x17C0;&#x1798;&#x200B; 1993 B006 Or.4</subfield>
    <subfield code="p">RUA005819</subfield>
    <subfield code="r">2016-12-28</subfield>
    <subfield code="s">2016-11-23</subfield>
    <subfield code="w">2015-09-08</subfield>
    <subfield code="y">AGR</subfield>
  </datafield>
  <datafield tag="952" ind1=" " ind2=" ">
    <subfield code="0">0</subfield>
    <subfield code="1">0</subfield>
    <subfield code="2">ddc</subfield>
    <subfield code="4">0</subfield>
    <subfield code="6">AGR_&#x1787;&#x17C0;&#x1798;_1993_000000000000000_B006_OR_5</subfield>
    <subfield code="7">0</subfield>
    <subfield code="9">546</subfield>
    <subfield code="a">LBB</subfield>
    <subfield code="b">LBB</subfield>
    <subfield code="c">B006</subfield>
    <subfield code="d">2015-09-08</subfield>
    <subfield code="o">AGR &#x1787;&#x17C0;&#x1798;&#x200B; 1993 B006 Or.5</subfield>
    <subfield code="p">RUA005564</subfield>
    <subfield code="r">2015-09-08</subfield>
    <subfield code="w">2015-09-08</subfield>
    <subfield code="y">AGR</subfield>
  </datafield>
  <datafield tag="952" ind1=" " ind2=" ">
    <subfield code="0">0</subfield>
    <subfield code="1">0</subfield>
    <subfield code="2">ddc</subfield>
    <subfield code="4">0</subfield>
    <subfield code="6">AGR_&#x1787;&#x17C0;&#x1798;_1993_000000000000000_B006_OR_6</subfield>
    <subfield code="7">0</subfield>
    <subfield code="9">15782</subfield>
    <subfield code="a">LBB</subfield>
    <subfield code="b">LBB</subfield>
    <subfield code="c">B006</subfield>
    <subfield code="d">2015-11-12</subfield>
    <subfield code="o">AGR &#x1787;&#x17C0;&#x1798;&#x200B; 1993 B006 Or.6</subfield>
    <subfield code="p">RUA042311</subfield>
    <subfield code="r">2015-11-12</subfield>
    <subfield code="w">2015-11-12</subfield>
    <subfield code="y">AGR</subfield>
  </datafield>
  <datafield tag="952" ind1=" " ind2=" ">
    <subfield code="0">0</subfield>
    <subfield code="1">0</subfield>
    <subfield code="2">ddc</subfield>
    <subfield code="4">0</subfield>
    <subfield code="6">AGR_&#x1787;&#x17C0;&#x1798;_1993_000000000000000_B006_OR_7</subfield>
    <subfield code="7">0</subfield>
    <subfield code="9">36375</subfield>
    <subfield code="a">LBB</subfield>
    <subfield code="b">LBB</subfield>
    <subfield code="d">2016-01-26</subfield>
    <subfield code="o">AGR &#x1787;&#x17C0;&#x1798;&#x200B; 1993 B006 Or.7</subfield>
    <subfield code="p">RUA052060</subfield>
    <subfield code="r">2016-01-26</subfield>
    <subfield code="w">2016-01-26</subfield>
    <subfield code="y">AGR</subfield>
  </datafield>
</record>
